| 000 | 00416nam a22001577a 4500 | ||
|---|---|---|---|
| 999 |
_c2494 _d2494 |
||
| 005 | 20181015185452.0 | ||
| 008 | 181015b ||||| |||| 00| 0 eng d | ||
| 040 | _cDLC | ||
| 082 |
_a231.3 _bH6638G |
||
| 100 | _aHinn, Benny | ||
| 245 |
_aGod's Anointing For You _cBenny Hinn |
||
| 260 |
_aOrlando _bBenny Hinn Media Ministries _c1990 |
||
| 300 | _a001300 | ||
| 650 | _xAnointing of the Holy Spirit | ||
| 942 |
_2ddc _cBK |
||